| 000 | 00753nam a2200229 u 4500 | ||
|---|---|---|---|
| 005 | 20250116063857.0 | ||
| 008 | 170607s2013 r 000 0 eng d | ||
| 020 | _a9786079348434 | ||
| 035 | _aUPN01000218393 | ||
| 049 | _aCG | ||
| 050 | 4 |
_aLB41 _bE3.87 |
|
| 245 | 0 | 0 |
_aEducación, género y juventud : _brutas para la investigación / _ccoord. Aurelia Flores Hernández. |
| 260 |
_aTlaxcala : _bUniversidad Autónoma de Tlaxcala, _c2013. |
||
| 300 |
_a200 p. : _bil., cuadros |
||
| 440 | 0 | _aEstudios de género y desarrollo | |
| 650 | 2 |
_aIdentidad de género en la educación _920974 |
|
| 650 | 4 |
_aEducación _9682 |
|
| 650 | 4 |
_aJuventud _914365 |
|
| 700 | 1 |
_aFlores Hernández, Aurelia, _ecoord. _940601 |
|
| 905 | _aLibro | ||
| 999 |
_c190493 _d190493 |
||